Lignes aériennes. (Record no. 193714)

MARC details
000 -LEADER
campo de control de longitud fija 01616nam a2200385 i 4500
001 - NÚMERO DE CONTROL
campo de control 193714
003 - IDENTIFICADOR DE NÚMERO DE CONTROL
campo de control ES-MaACL
005 - FECHA Y HORA DE LA ÚLTIMA TRANSACCIÓN
campo de control 20240209063131.0
007 - CAMPO FIJO DE DESCRIPCIÓN FÍSICA--INFORMACIÓN GENERAL
campo de control de longitud fija ta
008 - DATOS DE LONGITUD FIJA--INFORMACIÓN GENERAL
campo de control de longitud fija 240207s1910||||fr a freb 000 0 fre d
035 ## - NÚMERO DE CONTROL DEL SISTEMA
Número de control de sistema (OCoLC)458442933
035 ## - NÚMERO DE CONTROL DEL SISTEMA
Número de control de sistema SU011512270001P
035 ## - NÚMERO DE CONTROL DEL SISTEMA
Número de control de sistema 105917664
040 ## - FUENTE DE CATALOGACIÓN
Centro catalogador/agencia de origen ABES
Lengua de catalogación fre
Normas de descripción AFNOR
Centro/agencia transcriptor ES-MaACL
080 ## - NÚMERO DE LA CLASIFICACIÓN DECIMAL UNIVERSAL
Identificador de la edición 621.3
100 ## - ENTRADA PRINCIPAL--NOMBRE DE PERSONA
Nombre de persona Bergeon, Paul
9 (RLIN) 235048
Término indicativo de función/relación Autor
245 10 - MENCIÓN DEL TÍTULO
Título Lignes aériennes.
Número de parte o sección de la obra (Première partie) /
Mención de responsabilidad, etc. par P. Bergeon,... ; avec préface de L. Barbillion,....
264 #1 - PRODUCCIÓN, PUBLICACIÓN, DISTRIBUCIÓN, FABRICACIÓN Y COPYRIGHT
Producción, publicación, distribución, fabricación y copyright Paris :
Nombre del de productor, editor, distribuidor, fabricante Librairie des Sciences et de l'industrie :
-- L. Geisler, imprimeur-éditeur,
Fecha de producción, publicación, distribución, fabricación o copyright 1911.
300 ## - DESCRIPCIÓN FÍSICA
Extensión VI-79 páginas ;
Otras características físicas figuras ;
Dimensiones 25 cm.
336 ## - TIPO DE CONTENIDO
Código de tipo de contenido txt
Fuente rdacontent
Término de tipo de contenido texto
337 ## - TIPO DE MEDIO
Código del tipo de medio n
Fuente rdamedia
Nombre/término del tipo de medio sin mediación
337 ## - TIPO DE MEDIO
Código del tipo de medio n
Fuente isbdmedia
Nombre/término del tipo de medio sin mediación
338 ## - TIPO DE SOPORTE
Código del tipo de soporte nga
Fuente RDAfrCarrier
Nombre/término del tipo de soporte volumen
490 1# - MENCIÓN DE SERIE
Mención de serie Encyclopédie électrotechnique ;
Designación de volumen o secuencia 26e Fascicule
504 ## - NOTA DE BIBLIOGRAFÍA, ETC.
Nota de bibliografía, etc. Notes bibliogr. en bas de page.
650 #4 - PUNTO DE ACCESO ADICIONAL DE MATERIA--TÉRMINO DE MATERIA
Término de materia o nombre geográfico como elemento de entrada Líneas eléctricas
9 (RLIN) 14461
700 ## - ENTRADA AGREGADA--NOMBRE PERSONAL
Nombre de persona Barbillion, Louis,
Fechas asociadas al nombre 1873-1945
9 (RLIN) 235043
Término indicativo de función/relación Autor
760 0# - ENLACE A UNA SERIE PRINCIPAL
Título Encyclopédie électrotechnique / par un comité d'Ingénieurs spécialistes / M. F. Loppé,...
Lugar, editor y fecha de publicación Paris : L. Geisler, 1907?-1918
Descripción física 54 fasc.
Número de control del registro (ABES)139541152
830 ## - PUNTO DE ACCESO ADICIONAL DE SERIE-TÍTULO UNIFORME
Título uniforme Encyclopédie électrotechnique
9 (RLIN) 235039
Designación de volumen o secuencia 26
852 ## - LOCALIZACIÓN
Ubicación ES-MaACL
Sublocalización o colección R.M.8243
Ubicación en estantería Sala Valle Inclán
itemnumber 201242
Número de control de estantería D-8697
Marcas de propiedad Sello en tinta en portada: "Ateneo de Madrid. Biblioteca"
Encuadernación Sin encuadernar
886 2# - INFORMACIÓN DE CAMPO MARC FORÁNEO
2 unimarc
a 181
-- i#
b xxxe##
942 ## - ELEMENTOS DE ENTRADA SECUNDARIOS (KOHA)
Suprimir en OPAC No
Tipo de ítem Koha Libro impreso
Holdings
Estatus retirado Estado de pérdida Fuente del sistema de clasificación o colocación Estado de daño No para préstamo Biblioteca de origen Biblioteca actual Ubicación en estantería Fecha de adquisición Número de inventario Total de préstamos Signatura topográfica completa Código de barras Visto por última vez Precio de reemplazo Tipo de ítem Koha
    Clasificación decimal universal     Biblioteca del Ateneo de Madrid Biblioteca del Ateneo de Madrid Sala Valle Inclán 07/02/2024 R.M.8243   D-8697 101206548 07/02/2024 07/02/2024 Libro impreso